| 000 | 00776nas a2200229 454500 | ||
|---|---|---|---|
| 001 | 33849 | ||
| 005 | 20260407193508.0 | ||
| 008 | 260407s2001####ag###########|||spa#d | ||
| 003 | AR-UNSa-BCEJYS | ||
| 040 |
_aAR-UNSa-BCEJYS _bspa _cAR-UNSa-BCEJYS |
||
| 080 |
_a378 _xEnseñanza superior. Universidades. Escuelas especiales |
||
| 245 | 1 | 0 | _aCIN Boletín |
| 264 | 1 |
_aBuenos Aires : _bCIN (Consejo Interuniversitario Nacional) _c2001 |
|
| 310 | _aFrecuencia: Mensual | ||
| 041 | _aspa | ||
| 942 | _cSER | ||
| 590 | _aniveau_biblio:s niveau_hierar:1 | ||
| 100 | 1 | _aConsejo Interuniversitario Nacional (CIN) | |
| 650 | _aUNIVERSIDADES | ||
| 650 | _aExtensión universitaria | ||
| 856 | 4 | 1 |
_uhttps://biblioeco.unsa.edu.ar/pmb/images/revistas/boletin.jpg _yImagen de portada _qimage/jpeg |
| 999 |
_c8741 _d8741 |
||